01326cam a2200325 a 450000100100000000500170001000800410002702000150006804000300008308200190011310000310013224500800016324600280024324600530027126000470032430000210037149000160039250000950040850400550050360000360055860000590059465000420065365000330069571000650072883000240079391000340081704900090085195201230086099900170098300001210820200929162710.0010103s2000 ho b 001 0bspa  a9992610077 aDO-SdBNPbspacDLCdBNPHU a923.2bC828ó1 aCortés, Carlos R.92861010aObra educativa relevante del Dr. José Ramón Rosa /cCarlos R. Cortés.30aDr. José Ramón Rosa14aObra educativa relevante del Doctor Ramón Rosa aTegucigalpa, (Honduras) :bCultura,c2000. a300 p. ;c21 cm.1 aArca de Noe a"Tema leído ante la Honorable Asemblea General de la Academia Hondureña de la Lengua." aIncluye referencias bibliográficas (p. 290-300).14aROSA, RAMÓN,d1848-18939350814aROSA, RAMÓNd1848-1893xPENSAMIENTO EDUCATIVO928611 4aPolítica educativazHonduras928612 4aEducaciónzHonduras9286132 aAcademia Hondureña de la Lengua.bAsemblea General.928614 0aArca de Noe.928615 aCatalogación por copia / LC aBNGR 001052708MOaGRbGRcCTd2009-11-04iLF1l0o923.2 C828óp12108-10r2020-06-25w2020-06-25y2ZPréstamo interno c11773d11773